00355nam a2200121Ia 4500008004100000041000800041082001600049100004300065245004400108250000800152260006500160300000800225231228s2010 xx 000 0 und d aeng a658.15bRAV aRAVICHANDRAN (K.)/ ALKHATHLAN (Khalid) aCases in Corporate Financial Management a1st aNew DelhibHimalaya Publishing House Mumbai, New Delhic2010 a192